| 000 | 00370nam a2200157Ia 4500 | ||
|---|---|---|---|
| 003 | OSt | ||
| 005 | 20240203155800.0 | ||
| 008 | 170523s9999 xx 000 0 und d | ||
| 020 | _a978-0471098478 | ||
| 040 | _ciimt university meerut | ||
| 100 | _aDALRYMPLE- PARRONS | ||
| 245 | 0 | _aMARKETING MANAGEMENT | |
| 260 | _bJOHN WILEY SONS | ||
| 260 | _c1992 | ||
| 942 |
_2ddc _c02 |
||
| 999 |
_c280 _d280 |
||